Vocabulaire des océans (Registre núm. 69298)
[ vista simple ]
| 000 -LEADER | |
|---|---|
| campo de control de longitud fija | 01067aam a2200373 4500 |
| 005 - FECHA Y HORA DE LA ÚLTIMA TRANSACCIÓN | |
| campo de control | 20250916121611.0 |
| 007 - CAMPO FIJO DE DESCRIPCIÓN FÍSICA--INFORMACIÓN GENERAL | |
| campo de control de longitud fija | cr || ||||| |
| 008 - DATOS DE LONGITUD FIJA--INFORMACIÓN GENERAL | |
| campo de control de longitud fija | 250606t2025 o d fre d |
| 020 ## - NÚMERO INTERNACIONAL ESTÁNDAR DEL LIBRO | |
| Número Internacional Estándar del Libro | 9782111559554 |
| 041 ## - CÓDIGO DE IDIOMA | |
| Código de lengua del texto/banda sonora o título independiente | fre |
| 041 ## - CÓDIGO DE IDIOMA | |
| Llengües tractades | cat |
| 041 ## - CÓDIGO DE IDIOMA | |
| Llengües tractades | eng |
| 041 ## - CÓDIGO DE IDIOMA | |
| Llengües tractades | ita |
| 041 ## - CÓDIGO DE IDIOMA | |
| Llengües tractades | spa |
| 041 ## - CÓDIGO DE IDIOMA | |
| Llengües tractades | glg |
| 041 ## - CÓDIGO DE IDIOMA | |
| Llengües tractades | rum |
| 041 ## - CÓDIGO DE IDIOMA | |
| Llengües tractades | por |
| 245 ## - MENCIÓN DEL TÍTULO | |
| Título | Vocabulaire des océans |
| Mención de responsabilidad, etc. | République française. Délégation générale à la langue française et aux langues de France |
| 260 ## - PUBLICACIÓN, DISTRIBUCIÓN, ETC. | |
| Lugar de publicación, distribución, etc. | Paris |
| Nombre del editor, distribuidor, etc. | République française. Délégation générale à la langue française et aux langues de France |
| Fecha de publicación, distribución, etc. | 2025 |
| 300 ## - DESCRIPCIÓN FÍSICA | |
| Extensión | 103 p. |
| 500 ## - NOTA GENERAL | |
| Publicació TERMCAT | termcat |
| 500 ## - NOTA GENERAL | |
| Nota general | Índexs |
| 500 ## - NOTA GENERAL | |
| Nota general | Categoria gramatical |
| 520 ## - RESUMEN, ETC. | |
| Nombre de termes | 225 |
| 530 ## - NOTA DISPONIBLE DE FORMULARIO FÍSICO ADICIONAL | |
| Nota de formato físico adicional disponible | També disponible en línia |
| 546 ## - NOTA DE IDIOMA | |
| Llengua de les definicions | francès |
| 546 ## - NOTA DE IDIOMA | |
| Llengua de les definicions | italià |
| 592 ## - Tipus obra | |
| Tipus d'obra | Obra terminològica |
| 593 ## - Codi CGAT | |
| Codi de la CGAT | CK |
| 594 ## - Número de document | |
| Número de document | 11080 |
| 650 #0 - PUNTO DE ACCESO ADICIONAL DE MATERIA--TÉRMINO DE MATERIA | |
| Término de materia o nombre geográfico como elemento de entrada | oceanografia |
| 9 (RLIN) | 61189 |
| 856 ## - LOCALIZACIÓN Y ACCESO ELECTRÓNICOS | |
| Identificador Uniforme de Recursos | <a href="https://www.culture.fr/franceterme/Nos-publications/Vocabulaire-des-oceans">https://www.culture.fr/franceterme/Nos-publications/Vocabulaire-des-oceans</a> |
| 942 ## - ELEMENTOS DE ENTRADA SECUNDARIOS (KOHA) | |
| Tipo de ítem Koha | Monografia |
| Suprimir en OPAC | No |
| Fuente del sistema de clasificación o colocación | Clasificación Decimal Dewey |
| Estatus retirado | Estado de pérdida | Estado de daño | No para préstamo | Biblioteca de origen | Biblioteca actual | Fecha de adquisición | Total de préstamos | Signatura topográfica completa | Visto por última vez | Identificador Uniforme de Recursos | Precio de reemplazo | Tipo de ítem Koha |
|---|---|---|---|---|---|---|---|---|---|---|---|---|
| TERMCAT | TERMCAT | 06/06/2025 | Biblioteca electrònica | 06/06/2025 | https://www.culture.fr/franceterme/Nos-publications/Vocabulaire-des-oceans | 06/06/2025 | MO | |||||
| Termcat | Termcat | 16/09/2025 | CK 6 | 16/09/2025 | 16/09/2025 | MO |